[Event "XLVII C.to Italiano"]
[Site "Chianciano Terme ITA"]
[Date "1987.05.??"]
[Round "?"]
[White "Anceschi, Vittorio"]
[Black "Braga, Fernando Alberto"]
[WhiteElo "2250"]
[BlackElo "2445"]
[Result "1/2-1/2"]
[PlyCount "81"]
[EventDate "1987.05.23"]

1. e4 c5 2. Nc3 e6 3. g3 d5 4. Bg2 Nf6 5. d3 Be7 6. Nge2 Nc6 7. O-O O-O 8. h3
dxe4 9. Nxe4 Nxe4 10. dxe4 Qc7 11. c3 Rd8 12. Qc2 b6 13. Bf4 Ne5 14. Rfd1 Ba6
15. Bxe5 Qxe5 16. Rxd8+ Rxd8 17. Rd1 Rxd1+ 18. Qxd1 g5 19. f4 Qd6 20. Qxd6 Bxd6
21. Kf2 Bxe2 22. Kxe2 gxf4 23. gxf4 Bxf4 24. Kd3 Kg7 25. a4 Kf6 26. b3 Ke5 27.
Bf3 Bg3 28. Bh5 f6 29. Bf7 Be1 30. c4 h6 31. Ke3 Bc3 32. Be8 Bd4+ 33. Kd3 Kf4
34. Bd7 f5 35. Bxe6 fxe4+ 36. Ke2 Bf6 37. Bd5 Bg5 38. Bc6 Ke5 39. Kd1 Kd4 40.
Kc2 Ke3 41. Bd5 1/2-1/2

[Event "XLVII C.to Italiano"]
[Site "Chianciano Terme ITA"]
[Date "1987.05.??"]
[Round "?"]
[White "Anceschi, Vittorio"]
[Black "De Eccher, Stefano"]
[WhiteElo "2250"]
[BlackElo "2325"]
[Result "1/2-1/2"]
[PlyCount "47"]
[EventDate "1987.05.23"]

1. e4 c5 2. Nc3 Nc6 3. g3 g6 4. Bg2 Bg7 5. d3 d6 6. Be3 e6 7. Qd2 Nd4 8. Nce2
Ne7 9. c3 Nxe2 10. Nxe2 O-O 11. Bh6 Bxh6 12. Qxh6 Bd7 13. h4 f6 14. Nf4 Rf7 15.
O-O e5 16. Ne2 Qb6 17. Qd2 Rd8 18. Rad1 Be6 19. c4 Rdf8 20. Rb1 Nc6 21. f4 Qa5
22. Qxa5 Nxa5 23. f5 Bc8 24. Kh2 1/2-1/2

[Event "XLVII C.to Italiano"]
[Site "Chianciano Terme ITA"]
[Date "1987.05.??"]
[Round "?"]
[White "Anceschi, Vittorio"]
[Black "Godena, Michele"]
[WhiteElo "2250"]
[BlackElo "2360"]
[Result "0-1"]
[PlyCount "106"]
[EventDate "1987.05.23"]

1. c4 Nf6 2. Nc3 c5 3. g3 d5 4. cxd5 Nxd5 5. Bg2 Nb4 6. a3 N4c6 7. Nf3 e5 8. d3
Be7 9. O-O Be6 10. Rb1 f6 11. Bd2 O-O 12. Ne4 Na6 13. Qa4 Qd7 14. Nc3 Rfd8 15.
Qh4 Nd4 16. Nxd4 cxd4 17. Ne4 Re8 18. f4 f5 19. Ng5 h6 20. Qh5 hxg5 21. fxg5
Qd6 22. g6 Bf6 23. Be4 Kf8 24. Bxf5 Ke7 25. Bxe6 Qxe6 26. Rbc1 Rac8 27. Rxc8
Rxc8 28. Bg5 Bxg5 29. Qxg5+ Kd6 30. h4 Nc7 31. Qf5 Nd5 32. Qxe6+ Kxe6 33. Rf7
Rc7 34. Rf8 Nf6 35. Kf2 Kf5 36. Kf3 Kxg6 37. Rb8 Kf5 38. a4 b6 39. Ra8 Ke6 40.
g4 Nd5 41. g5 Rf7+ 42. Kg4 Ne3+ 43. Kg3 Kf5 44. b3 Nd5 45. Kf3 Ke6+ 46. Kg4 Nf4
47. h5 Nxe2 48. Re8+ Re7 49. Rxe7+ Kxe7 50. Kf5 Ng3+ 51. Kxe5 Nxh5 52. Kxd4 Kd6
53. Ke4 g6 0-1

[Event "XLVII C.to Italiano"]
[Site "Chianciano Terme ITA"]
[Date "1987.05.??"]
[Round "?"]
[White "Anceschi, Vittorio"]
[Black "Messa, Roberto"]
[WhiteElo "2250"]
[BlackElo "2310"]
[Result "1/2-1/2"]
[PlyCount "105"]
[EventDate "1987.05.23"]

1. e4 e6 2. d4 d5 3. exd5 exd5 4. Bd3 Nc6 5. c3 Nf6 6. Bg5 Be7 7. Nf3 O-O 8.
O-O Bg4 9. Bxf6 Bxf6 10. Nbd2 Qd6 11. Qc2 g6 12. h3 Bd7 13. Rfe1 Rae8 14. Nf1
Bg7 15. Rxe8 Rxe8 16. Re1 Rxe1 17. Nxe1 Nd8 18. Ne3 b6 19. Qb3 c6 20. Be2 Ne6
21. Nd3 h5 22. Qa3 Qxa3 23. bxa3 Kf8 24. h4 Ke7 25. f4 Kd6 26. Bf3 Nc7 27. Ne5
Be6 28. a4 c5 29. f5 cxd4 30. cxd4 Bh6 31. Kf2 Bxe3+ 32. Kxe3 Bxf5 33. Nxf7+
Ke6 34. Ne5 Ne8 35. a5 bxa5 36. Nc6 Bb1 37. a3 Nd6 38. g4 Nc4+ 39. Kf4 hxg4 40.
Bxg4+ Kd6 41. Nxa7 Nxa3 42. Nc8+ Kc7 43. Ne7 Be4 44. Bf3 Bxf3 45. Kxf3 Nb5 46.
Nxd5+ Kc6 47. Ne7+ Kd6 48. Nxg6 a4 49. h5 Nxd4+ 50. Ke4 a3 51. h6 Ne6 52. h7
Ng5+ 53. Kd3 1/2-1/2

[Event "XLVII C.to Italiano"]
[Site "Chianciano Terme ITA"]
[Date "1987.05.??"]
[Round "?"]
[White "Arlandi, Ennio"]
[Black "Lanzani, Mario"]
[WhiteElo "2330"]
[BlackElo "2345"]
[Result "0-1"]
[PlyCount "76"]
[EventDate "1987.05.23"]

1. d4 Nf6 2. c4 e5 3. dxe5 Ng4 4. Bf4 Nc6 5. Nf3 Bb4+ 6. Nbd2 Qe7 7. a3 Ngxe5
8. Nxe5 Nxe5 9. e3 Bxd2+ 10. Qxd2 d6 11. Be2 O-O 12. O-O b6 13. b4 Bb7 14. Rac1
Nd7 15. Rfe1 f5 16. Bg3 a5 17. f3 axb4 18. axb4 Ra3 19. Bd3 h5 20. e4 f4 21.
Bf2 Ne5 22. Be2 h4 23. h3 Bxe4 24. fxe4 f3 25. Bf1 fxg2 26. Bxg2 Rd3 27. Qe2
Nf3+ 28. Kh1 Qe5 29. Bg1 Rd2 30. Bxf3 Rxe2 31. Bxe2 Qxe4+ 32. Kh2 Ra8 33. Bf2
Ra2 34. c5 Rxe2 35. Rxe2 Qxe2 36. Kg1 dxc5 37. bxc5 b5 38. Re1 Qc4 0-1

[Event "XLVII C.to Italiano"]
[Site "Chianciano Terme ITA"]
[Date "1987.05.??"]
[Round "?"]
[White "Arlandi, Ennio"]
[Black "Mantovani, Renzo"]
[WhiteElo "2330"]
[BlackElo "2280"]
[Result "1/2-1/2"]
[PlyCount "46"]
[EventDate "1987.05.23"]

1. d4 d6 2. Nf3 Bg4 3. e4 Nf6 4. Nc3 Nbd7 5. Be2 c5 6. Be3 e6 7. O-O cxd4 8.
Qxd4 Be7 9. Rad1 O-O 10. h3 Bh5 11. e5 Bxf3 12. exd6 Bxe2 13. dxe7 Qxe7 14.
Nxe2 Nd5 15. Bc1 b5 16. c4 bxc4 17. Qxc4 Rfc8 18. Qd3 N7b6 19. Nd4 a5 20. Qg3
Qf6 21. Nf3 a4 22. Rd4 g6 23. Ne5 a3 1/2-1/2

[Event "XLVII C.to Italiano"]
[Site "Chianciano Terme ITA"]
[Date "1987.05.??"]
[Round "?"]
[White "Arlandi, Ennio"]
[Black "Martorelli, Antonio"]
[WhiteElo "2330"]
[BlackElo "2295"]
[Result "1-0"]
[PlyCount "73"]
[EventDate "1987.05.23"]

1. d4 Nf6 2. c4 g6 3. Nc3 Bg7 4. e4 d6 5. Nf3 O-O 6. Be2 c5 7. O-O Na6 8. Be3
b6 9. Qd2 Bb7 10. d5 Nc7 11. Bh6 e5 12. dxe6 Nxe4 13. Nxe4 Bxe4 14. Bxg7 Kxg7
15. exf7 Qf6 16. Ng5 Bc6 17. f4 h6 18. Bf3 Bxf3 19. Nxf3 Rxf7 20. g3 Rd8 21.
Rad1 d5 22. Ne5 Rff8 23. cxd5 Rxd5 24. Qe2 Rfd8 25. Rxd5 Rxd5 26. Re1 h5 27.
Nf3 Rd7 28. Ng5 Kh6 29. Kg2 Qf5 30. b3 Qd5+ 31. Kh3 a5 32. Qb2 Qd4 33. Qg2 Nd5
34. Re8 Qc3 35. Qe4 Qf6 36. Re6 Qf5+ 37. Qxf5 1-0

[Event "XLVII C.to Italiano"]
[Site "Chianciano Terme ITA"]
[Date "1987.05.??"]
[Round "?"]
[White "Arlandi, Ennio"]
[Black "Messa, Roberto"]
[WhiteElo "2330"]
[BlackElo "2310"]
[Result "1-0"]
[PlyCount "111"]
[EventDate "1987.05.23"]

1. d4 e6 2. c4 d5 3. Nc3 Be7 4. Nf3 Nf6 5. Bf4 O-O 6. e3 c5 7. dxc5 Bxc5 8. Qc2
Nc6 9. a3 Qa5 10. Rd1 Be7 11. Nd2 e5 12. Bg5 d4 13. Nb3 Qd8 14. exd4 exd4 15.
Be2 Ng4 16. Bxe7 Qxe7 17. Nd5 Qe5 18. f4 Ne3 19. fxe5 Nxc2+ 20. Kf2 Bf5 21. Rd2
Rae8 22. Rc1 Nxe5 23. Nxd4 Nxd4 24. Rxd4 Nc6 25. Rd2 Re5 26. b4 Rfe8 27. Nc7
R8e7 28. Bf3 Rxc7 29. Bxc6 Kf8 30. Rd5 Rxd5 31. Bxd5 b6 32. Ke3 Ke7 33. Kd4 Be6
34. Re1 Rd7 35. Re5 Rd6 36. c5 bxc5+ 37. Kxc5 Ra6 38. Re3 Kd7 39. b5 Rd6 40.
Bxe6+ fxe6 41. Rf3 Rd5+ 42. Kb4 Ke7 43. Rc3 Rd7 44. a4 e5 45. a5 Ke6 46. b6
axb6 47. axb6 e4 48. Kb5 Rd2 49. Kc6 Rd3 50. Rc4 Ke5 51. b7 Rd8 52. Kc7 Rf8 53.
b8=Q Rxb8 54. Kxb8 e3 55. Rc7 Kd6 56. Rc3 1-0

[Event "XLVII C.to Italiano"]
[Site "Chianciano Terme ITA"]
[Date "1987.05.??"]
[Round "?"]
[White "Bellia, Fabrizio"]
[Black "Braga, Fernando Alberto"]
[WhiteElo "2280"]
[BlackElo "2445"]
[Result "1-0"]
[PlyCount "86"]
[EventDate "1987.05.23"]

1. e4 c5 2. Nf3 d6 3. d4 cxd4 4. Nxd4 Nf6 5. Nc3 a6 6. Be2 e6 7. O-O Be7 8. Kh1
O-O 9. f4 Qc7 10. Be3 b5 11. Bf3 Bb7 12. a3 Nc6 13. Qe1 Nd7 14. Rd1 Nb6 15. Be2
Rfe8 16. e5 Nxd4 17. Bxd4 Nc4 18. Bxc4 bxc4 19. Qg3 g6 20. f5 exf5 21. Rxf5 Qc6
22. Rf2 Bf8 23. Rdf1 dxe5 24. Bxe5 f5 25. h4 Re6 26. h5 Rae8 27. Bf4 Re1 28.
Kh2 Bc5 29. Rf3 R1e6 30. Rd1 Qc8 31. Rff1 Re2 32. Nxe2 Rxe2 33. Rd2 Bxg2 34.
Rxe2 Bxf1 35. Re1 Qc6 36. Rxf1 Qe4 37. Qg2 Qe6 38. hxg6 hxg6 39. Rd1 Qf6 40.
Qg5 Qe6 41. Qd8+ Kf7 42. Qd7+ Qxd7 43. Rxd7+ Ke6 1-0

[Event "XLVII C.to Italiano"]
[Site "Chianciano Terme ITA"]
[Date "1987.05.??"]
[Round "?"]
[White "Bellia, Fabrizio"]
[Black "Mantovani, Renzo"]
[WhiteElo "2280"]
[BlackElo "2280"]
[Result "1/2-1/2"]
[PlyCount "22"]
[EventDate "1987.05.23"]

1. e4 d6 2. d4 Nf6 3. f3 e5 4. dxe5 dxe5 5. Qxd8+ Kxd8 6. Bc4 Ke8 7. Nc3 c6 8.
a4 Bc5 9. Ke2 Ke7 10. Be3 Bxe3 11. Kxe3 Be6 1/2-1/2

[Event "XLVII C.to Italiano"]
[Site "Chianciano Terme ITA"]
[Date "1987.05.??"]
[Round "?"]
[White "Bellia, Fabrizio"]
[Black "Passerotti, Pierluigi"]
[WhiteElo "2280"]
[BlackElo "2320"]
[Result "0-1"]
[PlyCount "72"]
[EventDate "1987.05.23"]

1. e4 c5 2. Nf3 Nc6 3. d4 cxd4 4. Nxd4 g6 5. c4 Nf6 6. Nc3 d6 7. Be2 Nxd4 8.
Qxd4 Bg7 9. O-O O-O 10. Bg5 Be6 11. Qd2 Rc8 12. b3 Qa5 13. Rac1 b5 14. Nd5 Qxd2
15. Nxe7+ Kh8 16. Bxd2 Rce8 17. Nc6 Nxe4 18. Bb4 bxc4 19. Bxc4 Rc8 20. Nxa7 Ra8
21. Nb5 Rxa2 22. Nxd6 Bxc4 23. bxc4 Rb8 24. Nxe4 Rxb4 25. Rfd1 Bh6 26. Rc3 f5
27. Nf6 Bd2 28. Rd3 Kg7 29. Ne8+ Kf8 30. Nd6 Rbb2 31. g3 Bb4 32. Nc8 Rxf2 33.
Rd8+ Kg7 34. R1d7+ Kh6 35. Rh8 Rg2+ 36. Kf1 Raf2# 0-1

[Event "XLVII C.to Italiano"]
[Site "Chianciano Terme ITA"]
[Date "1987.05.??"]
[Round "?"]
[White "Braga, Fernando Alberto"]
[Black "Arlandi, Ennio"]
[WhiteElo "2445"]
[BlackElo "2330"]
[Result "0-1"]
[PlyCount "70"]
[EventDate "1987.05.23"]

1. e4 e5 2. Nf3 Nf6 3. d4 Nxe4 4. Bd3 d5 5. Nxe5 Bd6 6. O-O O-O 7. Nd2 Bxe5 8.
dxe5 Nc5 9. Nb3 Nxd3 10. Qxd3 Nc6 11. Bf4 Ne7 12. Bg5 c6 13. f4 Qb6+ 14. Kh1
Nf5 15. g4 Ne3 16. Rg1 Nxg4 17. Rxg4 Bxg4 18. Rg1 Bh5 19. Qh3 g6 20. Rg2 Qb4
21. c3 Qe4 22. Nd2 Qe1+ 23. Rg1 Qxd2 24. Qxh5 Qe3 25. Qh6 Qf3+ 26. Rg2 Qf1+ 27.
Rg1 Qf3+ 28. Rg2 f5 29. h4 Rf7 30. e6 Qh3+ 31. Kg1 Qe3+ 32. Kh2 Qxe6 33. h5 Rg7
34. Bh4 Qf7 35. Bf2 gxh5 0-1

[Event "XLVII C.to Italiano"]
[Site "Chianciano Terme ITA"]
[Date "1987.05.??"]
[Round "?"]
[White "Braga, Fernando Alberto"]
[Black "Lanzani, Mario"]
[WhiteElo "2445"]
[BlackElo "2345"]
[Result "1/2-1/2"]
[PlyCount "30"]
[EventDate "1987.05.23"]

1. e4 c5 2. Nf3 Nc6 3. Bb5 Nf6 4. Nc3 Nd4 5. e5 Nxb5 6. Nxb5 Nd5 7. Ng5 f6 8.
Qh5+ g6 9. Qf3 Nb4 10. exf6 exf6 11. Ne4 Be7 12. Nbd6+ Bxd6 13. Nxd6+ Ke7 14.
Nxc8+ Qxc8 15. Kd1 Qc6 1/2-1/2

[Event "XLVII C.to Italiano"]
[Site "Chianciano Terme ITA"]
[Date "1987.05.??"]
[Round "?"]
[White "De Eccher, Stefano"]
[Black "Arlandi, Ennio"]
[WhiteElo "2325"]
[BlackElo "2330"]
[Result "1/2-1/2"]
[PlyCount "71"]
[EventDate "1987.05.23"]

1. e4 e5 2. Nf3 Nf6 3. d4 Nxe4 4. Bd3 d5 5. Nxe5 Be7 6. Nd2 Nxd2 7. Bxd2 Nc6 8.
Nxc6 bxc6 9. O-O O-O 10. Qh5 g6 11. Qh6 Rb8 12. b3 Re8 13. Rfe1 Bf6 14. Rxe8+
Qxe8 15. Qf4 Bd8 16. Re1 Be6 17. Qe5 Qf8 18. c3 Qd6 19. Bf4 Qxe5 20. Bxe5 Bd7
21. f3 f6 22. Bf4 Kf7 23. g4 Rb7 24. Ba6 Rb6 25. Bd3 Rb7 26. h4 Be7 27. Kg2 c5
28. h5 Bd6 29. hxg6+ hxg6 30. Kg3 Bxf4+ 31. Kxf4 cxd4 32. cxd4 a5 33. Rh1 Kg7
34. g5 a4 35. Bc2 Rb4 36. gxf6+ 1/2-1/2

[Event "XLVII C.to Italiano"]
[Site "Chianciano Terme ITA"]
[Date "1987.05.??"]
[Round "?"]
[White "De Eccher, Stefano"]
[Black "Bellia, Fabrizio"]
[WhiteElo "2325"]
[BlackElo "2280"]
[Result "1/2-1/2"]
[PlyCount "53"]
[EventDate "1987.05.23"]

1. e4 e5 2. Nf3 Nc6 3. d4 exd4 4. c3 d5 5. exd5 Qxd5 6. cxd4 Nf6 7. Nc3 Bb4 8.
Be2 O-O 9. O-O Qd8 10. Bg5 h6 11. Bh4 Be7 12. Re1 Nb4 13. Ne5 Nbd5 14. Bc4 c6
15. Qb3 g5 16. Bg3 Re8 17. Re2 a5 18. Rae1 Bb4 19. Qc2 Bf8 20. a3 Be6 21. Ba2
Bg7 22. Bb1 Ne7 23. Qd2 Nf5 24. Bxf5 Bxf5 25. Nc4 Rxe2 26. Rxe2 Nh5 27. Nd6
1/2-1/2

[Event "XLVII C.to Italiano"]
[Site "Chianciano Terme ITA"]
[Date "1987.05.??"]
[Round "?"]
[White "De Eccher, Stefano"]
[Black "Braga, Fernando Alberto"]
[WhiteElo "2325"]
[BlackElo "2445"]
[Result "0-1"]
[PlyCount "130"]
[EventDate "1987.05.23"]

1. e4 c5 2. Nf3 e6 3. d4 cxd4 4. Nxd4 Nf6 5. Nc3 Nc6 6. Nxc6 bxc6 7. e5 Nd5 8.
Ne4 Qc7 9. f4 Qb6 10. c4 Ne3 11. Qd3 Bb4+ 12. Bd2 Rb8 13. b3 O-O 14. Rc1 f5 15.
c5 fxe4 16. Qxe3 Bxd2+ 17. Qxd2 e3 18. cxb6 exd2+ 19. Kxd2 Rxf4 20. bxa7 Ra8
21. Ke3 Rb4 22. Bc4 Rxa7 23. Rc2 Ba6 24. Bxa6 Rxa6 25. Rd1 Ra7 26. Rcd2 Rb5 27.
Rxd7 Rxe5+ 28. Kf3 Rf5+ 29. Ke3 Rxa2 30. R1d2 Re5+ 31. Kf4 Re2 32. Rxe2 Rxe2
33. Kf3 Rc2 34. Rc7 Rc3+ 35. Kf4 Rxb3 36. Rxc6 Kf7 37. Rc8 Rb2 38. Kf3 Rb7 39.
Kf4 Kf6 40. Rf8+ Rf7 41. Rc8 Rb7 42. Rf8+ Kg6 43. Ke3 Rf7 44. Ra8 Kf5 45. Ra6
e5 46. Ra8 h5 47. Rb8 g6 48. Re8 Rf6 49. Ra8 Rb6 50. Rf8+ Kg4 51. Rf2 Rb1 52.
Rf6 g5 53. h3+ Kh4 54. Rf5 g4 55. Rxe5 Rb2 56. hxg4 hxg4 57. Ra5 Kg3 58. Ra3
Kxg2 59. Kf4 Rb4+ 60. Ke3 g3 61. Ra8 Kg1 62. Rf8 g2 63. Rh8 Kf1 64. Rf8+ Ke1
65. Rg8 Rb3+ 0-1

[Event "XLVII C.to Italiano"]
[Site "Chianciano Terme ITA"]
[Date "1987.05.??"]
[Round "?"]
[White "De Eccher, Stefano"]
[Black "Martorelli, Antonio"]
[WhiteElo "2325"]
[BlackElo "2295"]
[Result "0-1"]
[PlyCount "77"]
[EventDate "1987.05.23"]

1. e4 c6 2. d4 d5 3. f3 Qb6 4. Nc3 e5 5. Nge2 Nf6 6. Be3 dxe4 7. Qd2 exf3 8.
gxf3 Qxb2 9. Rb1 Qa3 10. dxe5 Nfd7 11. f4 Be7 12. Ne4 Na6 13. Rb3 Qxa2 14. Nd6+
Bxd6 15. exd6 Qa1+ 16. Kf2 Nf6 17. Bg2 Ng4+ 18. Kg3 Qf6 19. Rd1 O-O 20. Bg1 Qg6
21. f5 Bxf5 22. Nf4 Qh6 23. Rxb7 g5 24. Bxc6 Ne5 25. Bd5 Qh4+ 26. Kg2 gxf4 27.
Bf2 Qg5+ 28. Kh1 Bg4 29. Rg1 Nf3 30. Rxg4 Qxg4 31. Qe2 Ne5 32. Qxe5 f3 33. Qg3
Qxg3 34. hxg3 Rad8 35. Rxa7 Rxd6 36. c4 Rb8 37. Bxf7+ Kf8 38. Be3 Rf6 39. Bf2
0-1

[Event "XLVII C.to Italiano"]
[Site "Chianciano Terme ITA"]
[Date "1987.05.??"]
[Round "?"]
[White "De Eccher, Stefano"]
[Black "Passerotti, Pierluigi"]
[WhiteElo "2325"]
[BlackElo "2320"]
[Result "1/2-1/2"]
[PlyCount "73"]
[EventDate "1987.05.23"]

1. e4 c5 2. c4 Nc6 3. Nc3 g6 4. g3 Bg7 5. Bg2 d6 6. d3 Nd4 7. Nce2 b5 8. Nxd4
Bxd4 9. Ne2 Bg7 10. O-O bxc4 11. dxc4 Rb8 12. Qc2 Nh6 13. Rb1 O-O 14. b3 f5 15.
Bb2 e5 16. f4 fxe4 17. fxe5 dxe5 18. Bxe4 Nf5 19. Bd5+ Kh8 20. Qe4 Nd4 21.
Rxf8+ Qxf8 22. g4 Bd7 23. Rf1 Qd6 24. Nc1 Rf8 25. Rxf8+ Qxf8 26. Nd3 Qe7 27.
Bc1 Qd6 28. Kg2 Ne6 29. h3 Bf6 30. Bxe6 Qxe6 31. Nxc5 Bc6 32. Nxe6 Bxe4+ 33.
Kg3 Kg8 34. Be3 Bb1 35. a3 Ba2 36. g5 Be7 37. Nc5 1/2-1/2

[Event "XLVII C.to Italiano"]
[Site "Chianciano Terme ITA"]
[Date "1987.05.??"]
[Round "?"]
[White "Godena, Michele"]
[Black "Arlandi, Ennio"]
[WhiteElo "2360"]
[BlackElo "2330"]
[Result "0-1"]
[PlyCount "48"]
[EventDate "1987.05.23"]

1. e4 e5 2. Nf3 Nf6 3. Nxe5 d6 4. Nc4 Nxe4 5. Nc3 Nf6 6. d4 Bg4 7. f3 Bh5 8.
Bg5 Be7 9. Qd2 O-O 10. h4 Bg6 11. g4 Nc6 12. Ne3 h6 13. Bf4 Nd7 14. Bg3 Bf6 15.
Ne2 Re8 16. c3 Nb6 17. Kf2 Ne7 18. Nf4 c5 19. Nxg6 fxg6 20. dxc5 dxc5 21. Rd1
Qxd2+ 22. Rxd2 Rad8 23. Nc4 Nc6 24. Nxb6 Rxd2+ 0-1

[Event "XLVII C.to Italiano"]
[Site "Chianciano Terme ITA"]
[Date "1987.05.??"]
[Round "?"]
[White "Godena, Michele"]
[Black "Bellia, Fabrizio"]
[WhiteElo "2360"]
[BlackElo "2280"]
[Result "1-0"]
[PlyCount "80"]
[EventDate "1987.05.23"]

1. e4 e5 2. Nf3 Nc6 3. c3 Nf6 4. d3 d5 5. Qc2 h6 6. Be2 Be7 7. b4 a6 8. a3 O-O
9. Nbd2 Re8 10. Bb2 Bf8 11. O-O b6 12. Rfe1 g6 13. Bf1 Bg7 14. g3 Bb7 15. Rad1
dxe4 16. dxe4 Qe7 17. a4 Rad8 18. Nc4 Rxd1 19. Rxd1 Rd8 20. Re1 Nh7 21. Bc1 Qe8
22. Ne3 Nf6 23. Nc4 Nh7 24. h4 h5 25. Ne3 Ne7 26. Bc4 Kh8 27. Ng5 Nxg5 28. hxg5
b5 29. axb5 axb5 30. Bb3 f6 31. gxf6 Bxf6 32. Kg2 c6 33. Ng4 Bg7 34. Nh6 Bxh6
35. Bxh6 Bc8 36. Qc1 Kh7 37. Bg5 Qd7 38. Qe3 Re8 39. Ra1 Bb7 40. Rd1 Qc8 1-0

[Event "XLVII C.to Italiano"]
[Site "Chianciano Terme ITA"]
[Date "1987.05.??"]
[Round "?"]
[White "Godena, Michele"]
[Black "De Eccher, Stefano"]
[WhiteElo "2360"]
[BlackElo "2325"]
[Result "1-0"]
[PlyCount "43"]
[EventDate "1987.05.23"]

1. e4 c5 2. c3 d5 3. exd5 Qxd5 4. d4 Nc6 5. Nf3 e5 6. Nxe5 Nxe5 7. dxe5 Qxe5+
8. Qe2 Bd6 9. Na3 Qxe2+ 10. Bxe2 a6 11. Nc4 Bc7 12. Be3 b6 13. b4 b5 14. Bf3
Rb8 15. Bxc5 bxc4 16. Bc6+ Bd7 17. O-O-O Nf6 18. Rhe1+ Kd8 19. Re7 Bd6 20. Rxf7
Bxc5 21. Bxd7 Bf8 22. Bb5+ 1-0

[Event "XLVII C.to Italiano"]
[Site "Chianciano Terme ITA"]
[Date "1987.05.??"]
[Round "?"]
[White "Godena, Michele"]
[Black "Lanzani, Mario"]
[WhiteElo "2360"]
[BlackElo "2345"]
[Result "0-1"]
[PlyCount "39"]
[EventDate "1987.05.23"]

1. e4 e6 2. d4 d5 3. Nc3 Bb4 4. exd5 exd5 5. Bd3 Nc6 6. a3 Bxc3+ 7. bxc3 Nge7
8. Qf3 Be6 9. Rb1 Na5 10. Nh3 Qd7 11. Ng5 Bf5 12. g4 Bg6 13. Bxg6 Nxg6 14. Rb5
O-O-O 15. Rxa5 b6 16. Rxa7 Kb8 17. Ra6 Kb7 18. Qd3 f6 19. Nf7 Qxf7 20. Ra4 0-1

[Event "XLVII C.to Italiano"]
[Site "Chianciano Terme ITA"]
[Date "1987.05.??"]
[Round "?"]
[White "Godena, Michele"]
[Black "Mantovani, Renzo"]
[WhiteElo "2360"]
[BlackElo "2280"]
[Result "1/2-1/2"]
[PlyCount "83"]
[EventDate "1987.05.23"]

1. e4 c5 2. Nf3 Nc6 3. c3 d5 4. exd5 Qxd5 5. d4 Nf6 6. Be2 cxd4 7. cxd4 e6 8.
Nc3 Qd6 9. O-O Be7 10. a3 O-O 11. Be3 Rd8 12. Qd2 b6 13. Rac1 Bb7 14. Rfd1 a6
15. d5 Na5 16. Bf4 Qd7 17. d6 Bf8 18. Qe3 Nb3 19. Rc2 Qc6 20. Ne1 Qc5 21. Ne4
Qxe3 22. Nxf6+ gxf6 23. Bxe3 Rxd6 24. Rxd6 Bxd6 25. Bxb6 Rc8 26. Rxc8+ Bxc8 27.
Nd3 Bb7 28. Bd1 Bd5 29. Be3 Kf8 30. g3 Ke7 31. Kf1 Na5 32. Ke2 Nc4 33. Bd4 Ne5
34. Nxe5 fxe5 35. Bc3 Bc4+ 36. Kf3 f5 37. Bb4 Bxb4 38. axb4 Kd6 39. Ke3 h6 40.
h4 Bb5 41. Bb3 Bc6 42. Bc4 1/2-1/2

[Event "XLVII C.to Italiano"]
[Site "Chianciano Terme ITA"]
[Date "1987.05.??"]
[Round "?"]
[White "Lanzani, Mario"]
[Black "Martorelli, Antonio"]
[WhiteElo "2345"]
[BlackElo "2295"]
[Result "1/2-1/2"]
[PlyCount "82"]
[EventDate "1987.05.23"]

1. e4 c5 2. Nf3 e6 3. d4 cxd4 4. Nxd4 a6 5. c4 Nf6 6. Nc3 Qc7 7. Bd3 Nc6 8.
Nxc6 dxc6 9. Be3 e5 10. h3 Nd7 11. O-O Bd6 12. Rc1 Nc5 13. Be2 Qe7 14. b4 Ne6
15. c5 Bc7 16. Nd5 cxd5 17. exd5 Nd4 18. Bxd4 exd4 19. d6 Bxd6 20. cxd6 Qxd6
21. Rc4 O-O 22. Rxd4 Qb6 23. Qd2 Be6 24. a4 a5 25. Bf3 h6 26. bxa5 Rxa5 27.
Bxb7 Rg5 28. h4 Rc5 29. Be4 Bf5 30. Rb1 Qc7 31. Bxf5 Rxf5 32. Rb5 Rf6 33. a5
Rc8 34. Rbd5 Qc1+ 35. Qxc1 Rxc1+ 36. Rd1 Rc2 37. Rd8+ Kh7 38. R8d2 Rc5 39. Ra2
Ra6 40. Rda1 h5 41. Kf1 Re5 1/2-1/2

[Event "XLVII C.to Italiano"]
[Site "Chianciano Terme ITA"]
[Date "1987.05.??"]
[Round "?"]
[White "Lanzani, Mario"]
[Black "Messa, Roberto"]
[WhiteElo "2345"]
[BlackElo "2310"]
[Result "1/2-1/2"]
[PlyCount "43"]
[EventDate "1987.05.23"]

1. e4 e6 2. d4 d5 3. Nc3 Bb4 4. exd5 exd5 5. Bd3 Ne7 6. Qf3 c5 7. dxc5 Nd7 8.
Qg4 Bxc5 9. Qxg7 Rg8 10. Qxh7 Rxg2 11. Qh8+ Rg8 12. Qh6 Ne5 13. Be2 Ng4 14.
Bxg4 Bxg4 15. Bd2 Rc8 16. f3 Nf5 17. Qf4 Qh4+ 18. Kd1 Bxg1 19. fxg4 Qxg4+ 20.
Qxg4 Rxg4 21. Nxd5 Kf8 22. h3 1/2-1/2

[Event "XLVII C.to Italiano"]
[Site "Chianciano Terme ITA"]
[Date "1987.05.??"]
[Round "?"]
[White "Lanzani, Mario"]
[Black "Passerotti, Pierluigi"]
[WhiteElo "2345"]
[BlackElo "2320"]
[Result "1-0"]
[PlyCount "65"]
[EventDate "1987.05.23"]

1. d4 Nf6 2. c4 e6 3. g3 d5 4. Bg2 c6 5. Nf3 Be7 6. O-O O-O 7. Nc3 b6 8. Ne5
Bb7 9. cxd5 exd5 10. e4 a6 11. exd5 cxd5 12. Bg5 Nbd7 13. Qb3 b5 14. Nxd5 Nxd5
15. Bxe7 Qxe7 16. Bxd5 Bxd5 17. Qxd5 Nxe5 18. Qxe5 Qb4 19. b3 Rfe8 20. Qc5 Qa5
21. d5 Rac8 22. Qd4 Rc2 23. d6 Rd8 24. d7 Qc7 25. Rae1 Kf8 26. Qe4 g6 27. Qd4
Qc3 28. Qd6+ Kg7 29. Re8 Rc1 30. Qf8+ Kf6 31. Qh8+ Kf5 32. Qxc3 Rxc3 33. Rxd8
1-0

[Event "XLVII C.to Italiano"]
[Site "Chianciano Terme ITA"]
[Date "1987.05.??"]
[Round "?"]
[White "Lanzani, Mario"]
[Black "Vallifuoco, Giacomo"]
[WhiteElo "2345"]
[BlackElo "2385"]
[Result "1/2-1/2"]
[PlyCount "28"]
[EventDate "1987.05.23"]

1. e4 c5 2. Nf3 e6 3. d4 cxd4 4. Nxd4 Nf6 5. Nc3 d6 6. Be3 a6 7. Qd2 b5 8. f3
Nbd7 9. g4 h6 10. O-O-O Bb7 11. h4 b4 12. Nce2 d5 13. exd5 Nxd5 14. Nf4 Nxe3
1/2-1/2

[Event "XLVII C.to Italiano"]
[Site "Chianciano Terme ITA"]
[Date "1987.05.??"]
[Round "?"]
[White "Mantovani, Renzo"]
[Black "Anceschi, Vittorio"]
[WhiteElo "2280"]
[BlackElo "2250"]
[Result "1-0"]
[PlyCount "77"]
[EventDate "1987.05.23"]

1. e4 e6 2. d4 d5 3. Nc3 Nf6 4. Bg5 Bb4 5. e5 h6 6. Bd2 Nfd7 7. Qg4 Bf8 8. Nf3
a6 9. Bd3 c5 10. O-O Nc6 11. Rae1 cxd4 12. Nxd5 exd5 13. Bg6 Nc5 14. e6 Bxe6
15. Rxe6+ Nxe6 16. Qxe6+ Qe7 17. Bxf7+ Kd8 18. Qxd5+ Kc7 19. Nxd4 Nxd4 20. Bf4+
Kb6 21. Qxd4+ Qc5 22. Qe4 Qb4 23. Be3+ Kc7 24. Qg6 Rd8 25. c4 Kb8 26. Bd5 Bd6
27. Qxg7 Rhe8 28. Qd4 Be5 29. Qa7+ Kc7 30. b3 Bd6 31. Qd4 Re5 32. g3 h5 33. Rb1
Rxe3 34. Qxe3 Bc5 35. Qe5+ Kb6 36. Rf1 Ka7 37. Qxh5 Rf8 38. Qe2 Qb6 39. Kg2 1-0

[Event "XLVII C.to Italiano"]
[Site "Chianciano Terme ITA"]
[Date "1987.05.??"]
[Round "?"]
[White "Mantovani, Renzo"]
[Black "Messa, Roberto"]
[WhiteElo "2280"]
[BlackElo "2310"]
[Result "1/2-1/2"]
[PlyCount "56"]
[EventDate "1987.05.23"]

1. e4 e6 2. d4 d5 3. Nc3 Bb4 4. e5 Ne7 5. Qg4 Nf5 6. Nf3 Nc6 7. Bd3 h5 8. Qf4
Be7 9. h4 Nb4 10. Bxf5 exf5 11. Qd2 a5 12. Ne2 b6 13. c3 Na6 14. Qd3 c5 15. a3
c4 16. Qc2 b5 17. Bg5 Nc7 18. Bxe7 Qxe7 19. Nf4 Be6 20. Ng5 Qd7 21. Ngxe6 fxe6
22. Rh3 Kf7 23. Rg3 Rh6 24. Qe2 Rah8 25. Kd2 Na6 26. Rg5 g6 27. Rg3 Nb8 28. Qe3
Qe7 1/2-1/2

[Event "XLVII C.to Italiano"]
[Site "Chianciano Terme ITA"]
[Date "1987.05.??"]
[Round "?"]
[White "Mantovani, Renzo"]
[Black "Tatai, Stefano"]
[WhiteElo "2280"]
[BlackElo "2425"]
[Result "1-0"]
[PlyCount "51"]
[EventDate "1987.05.23"]

1. e4 c5 2. Nf3 d6 3. Bb5+ Bd7 4. Bxd7+ Nxd7 5. d4 Ngf6 6. e5 Ne4 7. O-O d5 8.
c4 e6 9. cxd5 exd5 10. Nc3 Nxc3 11. bxc3 Be7 12. Qb3 cxd4 13. cxd4 Nb6 14. a4
O-O 15. a5 Nc4 16. Qxb7 Re8 17. Qb5 Rb8 18. Qa4 Rb4 19. Qc6 Qa8 20. Qxa8 Rxa8
21. a6 Rc8 22. Nd2 Nb6 23. Ba3 Rxd4 24. Nf3 Bxa3 25. Nxd4 Bb2 26. Rad1 1-0